| 000 | 00448nam a2200181Ia 4500 | ||
|---|---|---|---|
| 001 | 17663 | ||
| 005 | 20260306171534.0 | ||
| 008 | 260306s9999||||xx |||||||||||||| ||und|| | ||
| 041 | _aESP | ||
| 082 |
_a658.15 _bB64 2013 |
||
| 100 |
_aBlock, Stanley B. _eAUT |
||
| 245 | 0 | _aFundamentos de administración financiera | |
| 260 | _c2013 | ||
| 300 |
_axxii, 578 páginas : _c27 cm. |
||
| 650 | _aGEN | ||
| 654 | _aCAN | ||
| 942 |
_cLIB _dJUS _fJUS _2ddc _n |
||
| 999 |
_c17663 _d17663 |
||